000 00797nam a2200229 a 4500
001 000016824
003 DO-SdBNP
005 20260219105723.0
008 100310s2004 dr ac r 001 0 spa d
020 _a9993477516
040 _aDO-SdBNP
_bspa
_cBNPHU
082 _a378.97243
_bR426p
110 1 _aRepública Dominicana. Universidad Autónoma de Santo Domingo
_97249
245 1 0 _aProyecto de facultad de ciencias de la educación :
_bdepartamento de pedagogía.
260 _aSanto Domingo :
_bUASD,
_c2004.
300 _a126 p. :
_bil. ; retrs. ;
_c21 cm.
500 _aIncluye notas al pie de páginas
504 _aBibliografía : p. 123-126
650 0 _aEducación superior
_zRepública Dominicana
_9730
710 1 _aUniversidad Autónoma de Santo Domingo
_972951
942 _2ddc
_cLBS1
999 _c16356
_d16356